Encyclopaedia of educational administration / (Record no. 4537)
[ view plain ]
| 000 -LEADER | |
|---|---|
| fixed length control field | 00991 a2200205 4500 |
| 010 ## - LCCN (DPL NO) | |
| LC control number | ENG-86392-95 |
| 020 ## - INTERNATIONAL STANDARD BOOK NUMBER | |
| International Standard Book Number | 8131301192 (set) |
| Terms of availability | 2800.00 (set of 4v.) |
| 035 ## - SYSTEM CONTROL NUMBER | |
| System control number | EN-69925-28 |
| 037 ## - SOURCE OF ACQUISITION | |
| Source of stock number/acquisition | D.B.Act / Pub |
| 082 14 - DEWEY DECIMAL CLASSIFICATION NUMBER | |
| Classification number | 371.2003 |
| 100 1# - MAIN ENTRY--PERSONAL NAME | |
| Personal name | Mishra, R.C. |
| 245 1# - TITLE STATEMENT | |
| Title | Encyclopaedia of educational administration / |
| Statement of responsibility, etc | by R.C. Mishra |
| 260 ## - PUBLICATION, DISTRIBUTION, ETC. (IMPRINT) | |
| Place of publication, distribution, etc | New Delhi |
| Name of publisher, distributor, etc | A P H Publishing |
| Date of publication, distribution, etc | 2007 |
| 270 ## - ADDRESS | |
| Address | 5, Ansari Road, Darya Ganj |
| City | New Delhi |
| State or province | Delhi |
| Postal code | 110002 |
| Telephone number | 23274050 |
| Electronic mail address | aphbooks@vsnl.net |
| 300 ## - PHYSICAL DESCRIPTION | |
| Extent | 4v.(xiii, 295p; xvii, 297 p; xvii,272p; xviii,319p.) |
| Dimensions | 21 cm. (Hb) |
| 500 ## - GENERAL NOTE | |
| General note | Includes bibliographical references,Published in 4 volumes |
| 505 0# - FORMATTED CONTENTS NOTE | |
| Formatted contents note | v. 1. Classroom administration (xiii, 295p.); v. 2. School administration and organization (xvii, 297p.); v.3. Theory of education administration (xvii, 272 p.); v.4. History of education administration (xviii, 319 p.). |
| 650 #0 - SUBJECT ADDED ENTRY--TOPICAL TERM | |
| Topical term or geographic name as entry element | Education administration |
| General subdivision | Encyclopaedia |
| 942 ## - ADDED ENTRY ELEMENTS (KOHA) | |
| Institution code [OBSOLETE] | dpl |
| Item type | English Books |
| Source of classification or shelving scheme | Dewey Decimal Classification |
| Classification part | 371.2003 |
| Call number suffix | MIS |
| Withdrawn status | Lost status | Not for loan | Collection code | Home library | Current library | Source of acquisition | Cost, normal purchase price | Full call number | Barcode | Copy number | Cost, replacement price | Koha item type |
|---|---|---|---|---|---|---|---|---|---|---|---|---|
| Not For Loan | Non-fiction | D.B.Act.Division | D.B.Act.Division | DBAD/PUB | 2800.00 | 371.2003 MIS | EN-69925 | 1 | 2800.00 | English Books | ||
| Not For Loan | Non-fiction | D.B.Act.Division | D.B.Act.Division | DBAD/PUB | 2800.00 | 371.2003 MIS | EN-69926 | 1 | 2800.00 | English Books | ||
| Not For Loan | Non-fiction | D.B.Act.Division | D.B.Act.Division | DBAD/PUB | 2800.00 | 371.2003 MIS | EN-69927 | 1 | 2800.00 | English Books | ||
| Not For Loan | Non-fiction | D.B.Act.Division | D.B.Act.Division | DBAD/PUB | 2800.00 | 371.2003 MIS | EN-69928 | 1 | 2800.00 | English Books |
